00551cam a22002057a 4500003000500000005001700005008004100022010001000063011001000073035001000083040000900093100002300102245005900125260005300184300001000237490003400247650001800281650001200299830003400311CHAP20220329141359.0971013s1984 r 00010 d a67310 a68282 a77754 cCHAP00aEvans, Margaret I. 0aFirewood versus alternatives domestic fuel in México aOxford :bCommonwealth Forestry Institute,c1984 a66 p. 0aC.F.I. Occasional paperv; 2314aCombustibles.14aLeña.0 aC.F.I. Occasional paperv; 23